000 00739nam a2200241 u 4500
001 21612
005 20260504071351.0
008 960313nuuuuuuuu spa
035 _a21612
035 _a(OCoLC)778060841
041 _aspa
082 4 _a342
100 1 0 _aGomez Martinez, Fernando
_4aut
_eaut
_9243561
245 1 0 _aContra centralismo descentralizacion
250 _a01.ED
260 _aMedellín :
_bImprenta Municipal.
300 _a161 páginas
505 8 0 _tEstatuto del impuesto de valorizacion
505 8 0 _tConsejo de Estado y su competencia
650 7 _aDescentralización administrativa
_zColombia
_2lemb
_937810
650 7 _aValorización
_zMedellín (Antioquia, Colombia)
_2lemb
_9333
942 _cBOOK
999 _c23069
_d23069